| 000 | 01033nam a2200301 a 4500 | ||
|---|---|---|---|
| 001 | 000110870 | ||
| 003 | CHAP | ||
| 005 | 20220329144149.0 | ||
| 008 | 141014s2008 mx a |rm |0|||||spa d | ||
| 010 | _a107332 | ||
| 011 | _a108304 | ||
| 040 | _cCHAP | ||
| 090 | _aTesis | ||
| 100 | 1 |
_aGómez Polo, Priscila _9127914 |
|
| 245 | 1 | 0 | _aDeterminación y cuantificación del banco de semillas de malas hierbas con tres sistemas de labranza en un experimento a largo plazo en su noveno año de establecimiento. |
| 260 |
_aChapingo, Méx : _bEl autor, _c2008. |
||
| 502 | _aTesis (Master Oficial en Protección Integrada de Cultivos) -- Universidad de Lleida | ||
| 590 |
_aE11695DGD _b10 _c20141021 _lUCH01 _h1058 |
||
| 590 |
_aE5995AHE _b05 _c20141014 _lUCH01 _h1254 |
||
| 650 | 1 | 4 |
_aLabranza cero. _964307 |
| 650 | 1 | 4 |
_aLabranza de conservación. _964308 |
| 650 | 1 | 4 |
_aLabranza mínima. _964309 |
| 650 | 1 | 4 |
_aMalas hierbas. _969996 |
| 650 | 1 | 4 |
_aSemillas _xConservación. _9103886 |
| 901 | _aBK | ||
| 942 | _cTESIS | ||
| 942 | _n0 | ||
| 999 |
_c107332 _d107332 |
||